Les grands auteurs en management (notice n° 1552943)

détails MARC
000 -LEADER
fixed length control field 02171cam a2200289zu 4500
003 - CONTROL NUMBER IDENTIFIER
control field FRCYB45003277
005 - DATE AND TIME OF LATEST TRANSACTION
control field 20251020123055.0
008 - FIXED-LENGTH DATA ELEMENTS--GENERAL INFORMATION
fixed length control field 251020s2009 fr | o|||||0|0|||fre d
020 ## - INTERNATIONAL STANDARD BOOK NUMBER
International Standard Book Number 9782847691139
035 ## - SYSTEM CONTROL NUMBER
System control number FRCYB45003277
040 ## - CATALOGING SOURCE
Original cataloging agency FR-PaCSA
Language of cataloging fr
Transcribing agency
Description conventions rda
100 1# - MAIN ENTRY--PERSONAL NAME
Personal name Charreire Petit, Sandra
245 01 - TITLE STATEMENT
Title Les grands auteurs en management
Statement of responsibility, etc. ['Charreire Petit, Sandra', 'Huault, Isabelle']
264 #1 - PRODUCTION, PUBLICATION, DISTRIBUTION, MANUFACTURE, AND COPYRIGHT NOTICE
Name of producer, publisher, distributor, manufacturer EMS Editions
Date of production, publication, distribution, manufacture, or copyright notice 2009
300 ## - PHYSICAL DESCRIPTION
Extent p.
336 ## - CONTENT TYPE
Content type code txt
Source rdacontent
337 ## - MEDIA TYPE
Media type code c
Source rdamdedia
338 ## - CARRIER TYPE
Carrier type code c
Source rdacarrier
520 ## - SUMMARY, ETC.
Summary, etc. Cet ouvrage est l’expression d’une volonté : celle de présenter de grands auteurs en management, d’illustrer le caractère foisonnant d’un champ et ses nombreuses connexions disciplinaires. La grande diversité des auteurs choisis, issus d’horizons différents voire de perspectives divergentes, témoigne des évolutions permanentes qui traversent le champ.La deuxième édition des Grands Auteurs en Management se fonde sur un remaniement profond et une actualisation des chapitres de la première édition. Sept nouveaux chapitres la nourrissent.L’objectif n’est pas tant une présentation exhaustivedes oeuvres traitées qu’une proposition de clé de lecture pour y entrer. Chaque chapitre est ainsi une invitation à la relecture des travaux originels et reflète, dans le traitement et les choix opérés, l’analyse et le point de vue de chaque contributeur. Les concepts et principes de management formulés par les grands auteurs trouveront un écho auprès des étudiants de l’université et des grandes écoles ainsi qu’auprès de jeunes chercheurs et de chercheurs confirmés.Composé de sept parties et de trente-cinq chapitres, cet ouvrage est le fruit d’un travail collectif de professeurs des Universités et de maîtres de conférences de la communauté des chercheurs en management.
650 #0 - SUBJECT ADDED ENTRY--TOPICAL TERM
Topical term or geographic name entry element
700 0# - ADDED ENTRY--PERSONAL NAME
Personal name Charreire Petit, Sandra
700 0# - ADDED ENTRY--PERSONAL NAME
Personal name Huault, Isabelle
856 40 - ELECTRONIC LOCATION AND ACCESS
Access method Cyberlibris
Uniform Resource Identifier <a href="https://international.scholarvox.com/netsen/book/45003277">https://international.scholarvox.com/netsen/book/45003277</a>
Electronic format type text/html
Host name

Pas d'exemplaire disponible.

PLUDOC

PLUDOC est la plateforme unique et centralisée de gestion des bibliothèques physiques et numériques de Guinée administré par le CEDUST. Elle est la plus grande base de données de ressources documentaires pour les Étudiants, Enseignants chercheurs et Chercheurs de Guinée.

Adresse

627 919 101/664 919 101

25 boulevard du commerce
Kaloum, Conakry, Guinée

Réseaux sociaux

Powered by Netsen Group @ 2025